Konkurencieschopnosť a vplyv pandémie COVID-19 vo vybranom podniku diplomová práca

Uložené v:
Podrobná bibliografia
Hlavný autor: Krizsanová, Lea Zuzana
Korporativný autor: Fakulta podnikového manažmentu EU. Katedra manažmentu
Ďalší autori: Mišúnová Hudáková, Ivana, 1976-
Médium: Kniha
Jazyk:Slovak
Vydavateľské údaje: Bratislava 2023
Tagy: Pridať tag
Žiadne tagy, Buďte prvý, kto otaguje tento záznam!

MARC

LEADER 00000nbm a2200000 4500
001 0293640
005 20240514135419.3
041 0 |a slo 
044 |a SK 
245 1 0 |a Konkurencieschopnosť a vplyv pandémie COVID-19 vo vybranom podniku  |b diplomová práca  |c Lea Zuzana Krizsanová ; školiteľ: Ivana Mišúnová Hudáková 
264 1 |a Bratislava  |c 2023 
300 |a 78 s. 
100 1 |a Krizsanová, Lea Zuzana 
700 1 |a Mišúnová Hudáková, Ivana, 1976- 
710 2 |a Fakulta podnikového manažmentu EU. Katedra manažmentu